Používateľské rozhranie smart domácnosti

Na minha lista:
Detalhes bibliográficos
Autor principal: Poništ, Milan (Author)
Outros Autores: Minárik, Ivan (Thesis advisor)
Formato: Manuscrito Livro
Idioma:eslovaco
Publicado em: Bratislava : STU v Bratislave FEI, 2021
Assuntos:
Acesso em linha:https://opac.crzp.sk/?fn=detailBiblioForm&sid=38F43C5054BC4F7F2DBAC4F31F28&seo=CRZP-detail-kniha
Tags: Adicionar Tag
Sem tags, seja o primeiro a adicionar uma tag!

MARC

LEADER 00000ntm a22000003a 4500
001 stuzp82651
003 SK-STU
005 20210924103456.0
007 ta
008 150427s2015----xo-----f-mn---000-0-slo-d
040 |a STU  |b slo 
041 0 |a slo 
044 |a xo 
100 1 |a Poništ, Milan  |u 037000  |4 aut  |U FEI Fakulta elektrotechniky a informatiky  |T FEI Ústav multimediálnych informačných a komunikačných technológií  |X 98283  |U E070  |Y 818  |7 98283 
242 0 1 |a User Interface for Smart Household  |y eng 
245 1 0 |a Používateľské rozhranie smart domácnosti 
260 |a Bratislava :  |b STU v Bratislave FEI,  |c 2021 
300 |a 51 s., príl. 
650 4 |a smart domácnosť  |2 slo 
650 4 |a Používateľské rozhranie  |2 slo 
650 4 |a Angular  |2 slo 
650 4 |a rozpoznávanie reči  |2 slo 
650 4 |a User Interface  |2 eng 
650 4 |a Smart Home  |2 eng 
650 4 |a Angular  |2 eng 
650 4 |a Speech Recognition  |2 eng 
700 1 |a Minárik, Ivan  |u 037000  |k Z8  |4 ths  |U FEI Fakulta elektrotechniky a informatiky  |T FEI Ústav multimediálnych informačných a komunikačných technológií  |X 12005  |U E070  |Y 818  |7 A000012005 
856 4 |u https://opac.crzp.sk/?fn=detailBiblioForm&sid=38F43C5054BC4F7F2DBAC4F31F28&seo=CRZP-detail-kniha